Strategi menghadapi peperiksaan mengandungi doa-doa kejayaan : penyusun Wan Mohd.Yusof b.Wan Ali

Bibliographic Details
Format: Book
Published: Kuala Lumpur : A.S.Noordeen , 1992
Subjects:

MARC

LEADER 00000cam a2200000 7i4500
001 0000004498
002 000004845
005 20000330.0
020 |a 9679963497 
090 0 0 |a 297.5   |b STR 
245 0 0 |a Strategi menghadapi peperiksaan mengandungi doa-doa kejayaan :   |b penyusun Wan Mohd.Yusof b.Wan Ali 
260 |a Kuala Lumpur :   |b A.S.Noordeen ,   |c 1992 
300 |a 13p. ;   |c 21cm. 
650 0 0 |a Islamic moral theology 
999 |a 034566   |b BUKU   |c PINJAMAN   |e PERPUSTAKAAN KOMUNITI PETALING JAYA 
999 |a 034567   |b BUKU   |c PINJAMAN   |e PERPUSTAKAAN KOMUNITI PETALING JAYA 
999 |a 034568   |b BUKU   |c PINJAMAN   |e PERPUSTAKAAN KOMUNITI PETALING JAYA